000 00597nam a2200205Ii 4500
003 JO-AjNU
008 230606s9999||||xx |||||||||||||| ||und||
020 _a978-0-13-505576-6
040 _aJO-AjNU
_beng
_erda
_cJO-AjNU
041 _aeng
050 1 4 _aQA76.76 2009
100 3 _aTanenbaum, Andrew s / Albert S Woodhull,
_eauthor
_9746
245 0 0 _aOperating Systems: Design and implementation
250 _a3 ed
264 3 1 _anew york:pearson Education,2009
300 _a1054p
336 _atext
_btxt
_2rdacontent
337 _aunmediated
_bn
_2rdamedia
338 _avolume
_bnc
_2rdacarrier
999 _aE393
_c393
_d393